000 01351cam a2200337 a 4500
999 _c17150
_d17150
008 910702s1992 enk b 001 0 eng
020 _a019214197X
050 0 0 _aPR1111.O24
_bO97 1992
245 0 4 _aThe Oxford book of the sea /
_cedited by Jonathan Raban.
260 _aOxford [England] ;
_aNew York :
_bOxford University Press,
_c1992.
300 _axviii, 524 p. ;
_c23 cm.
650 0 _aEnglish literature.
650 0 _aOcean
_xLiterary collections.
650 0 _aOcean travel
_xLiterary collections.
650 0 _aSeafaring life
_xLiterary collections.
650 0 _aSea stories, American.
650 0 _aSea poetry, American.
650 0 _aSea stories, English.
650 0 _aSea poetry, English.
700 1 _aRaban, Jonathan.
856 4 2 _3Publisher description
_uhttp://www.loc.gov/catdir/enhancements/fy0640/91025929-d.html
856 4 2 _3Contributor biographical information
_uhttp://www.loc.gov/catdir/enhancements/fy0726/91025929-b.html
942 _2lcc
_cBOOKS
_hPR1111.O24 O97 1992